000 00296nam a22001337a 4500
008 170529b xxu||||| |||| 00| 0 eng d
020 _a9780130852366
041 _aeng
080 _25TH
_a621.38
100 _a26
101 _aIM
245 _aELECTRONICS FUNDAMENTALS
_cFLOYD
942 _2udc
_cBK
999 _c14884
_d14884